Score 0/5 Timer 03:00
1 Play Today
Child Name % Correct
Ivana ZelníčkováIvanka Trump
96.5%
Ivana ZelníčkováDonald Trump Jr.
93.9%
Melania TrumpBarron Trump
82.3%
Ivana ZelníčkováEric Trump
77.7%
Marla MaplesTiffany Trump
72.2%
Remove Ads.
Support Sporcle.
Get the best of Sporcle when you Go Orange. This ad-free experience offers more features, more stats, and more fun while also helping to support Sporcle. Thank you for becoming a member.

You're not logged in!

Compare scores with friends on all Sporcle quizzes.
OR
Log In

Show Comments

Extras

Top Quizzes Today


Score Distribution

Your Account Isn't Verified!

In order to create a playlist on Sporcle, you need to verify the email address you used during registration. Go to your Sporcle Settings to finish the process.

Report this User

Report this user for behavior that violates our Community Guidelines.

Details: